[Event "Cluj GP Rapid"]
[Site "Cluj"]
[Date "2024.06.14"]
[Round "9"]
[White "Horvat, Dan Sebastian"]
[Black "Ivancescu, Bogdan Andrei"]
[Result "1/2-1/2"]
[WhiteElo "2052"]
[BlackElo "1854"]
[PlyCount "63"]
[EventDate "2024.06.13"]
[EventType "swiss (rapid)"]
[EventRounds "10"]
[EventCountry "ROU"]
[SourceTitle "CBM 220 Extra"]
[Source "ChessBase"]
[SourceDate "2024.07.31"]
[SourceVersion "1"]
[SourceVersionDate "2024.07.31"]
[SourceQuality "1"]

1. d4 Nf6 2. c4 e6 3. Nf3 Bb4+ 4. Nbd2 d5 5. Qa4+ Nc6 6. c5 Bd7 7. Qc2 0-0 8. a3 Bxd2+ 9. Bxd2 h6 10. e3 Re8 11. Be2 Ne4 12. 0-0 e5 13. dxe5 Nxe5 14. b4 Bg4 15. Nxe5 Bxe2 16. Rfe1 Bh5 17. Nd3 Bg6 18. Nf4 Bh7 19. Qb2 c6 20. Bc1 Qg5 21. Qd4 Nf6 22. f3 Nh5 23. Nxh5 Qxh5 24. Bb2 f6 25. Qf4 Re7 26. Bd4 Rae8 27. Ra2 Qf5 28. Qxf5 Bxf5 29. g4 Bd3 30. h4 Kf7 31. Rg2 h5 32. Kf2 1/2-1/2

[Event "Cluj GP Rapid"]
[Site "Cluj"]
[Date "2024.06.13"]
[Round "3"]
[White "Horvat, Dan Sebastian"]
[Black "Ardelean, George Catalin"]
[Result "0-1"]
[WhiteElo "2052"]
[BlackElo "2436"]
[PlyCount "90"]
[EventDate "2024.06.13"]
[EventType "swiss (rapid)"]
[EventRounds "10"]
[EventCountry "ROU"]
[SourceTitle "CBM 220 Extra"]
[Source "ChessBase"]
[SourceDate "2024.07.31"]
[SourceVersion "1"]
[SourceVersionDate "2024.07.31"]
[SourceQuality "1"]

1. d4 d5 2. c4 e6 3. Nc3 a6 4. cxd5 exd5 5. Bf4 c6 6. e3 Bd6 7. Bxd6 Qxd6 8. Bd3 Ne7 9. Qc2 g6 10. Nf3 0-0 11. 0-0 Bg4 12. Ne5 Bf5 13. Na4 f6 14. Nf3 Nd7 15. Bxf5 Nxf5 16. Qb3 Kh8 17. Rac1 Rab8 18. Nc5 Rfe8 19. Rfe1 Qe7 20. Qd3 Nd6 21. Nd2 Qf7 22. Nxd7 Qxd7 23. Nb3 Qf7 24. Nc5 Re7 25. Re2 Kg7 26. Rce1 Rbe8 27. a3 Ne4 28. Nxe4 Rxe4 29. b4 f5 30. f3 R4e6 31. a4 Qd7 32. g3 h5 33. Kf2 b5 34. axb5 axb5 35. Ra1 Qe7 36. Qc3 Kh6 37. Qc5 Qf6 38. Ra3 h4 39. Rc2 Qg5 40. e4 fxe4 41. fxe4 Rxe4 42. Rf3 Re3 43. Qxc6 Rxf3+ 44. Kxf3 Qf5+ 45. Kg2 h3+ 0-1

[Event "ROM-chT"]
[Site "Mamaia"]
[Date "2019.09.23"]
[Round "3.3"]
[White "Horvat, Dan Sebastian"]
[Black "Nevednichy, Vladislav"]
[Result "0-1"]
[WhiteElo "2099"]
[BlackElo "2522"]
[PlyCount "82"]
[EventDate "2019.09.21"]
[EventType "team-tourn"]
[EventRounds "9"]
[EventCountry "ROU"]
[SourceTitle "EXT 2020"]
[Source "ChessBase"]
[SourceDate "2019.10.17"]
[SourceVersion "1"]
[SourceVersionDate "2019.10.17"]
[SourceQuality "1"]
[WhiteTeam "Cluj Napoca"]
[BlackTeam "Iasi Politehnica"]
[WhiteTeamCountry "ROU"]
[BlackTeamCountry "ROU"]

1. c4 g6 2. Nc3 Bg7 3. g3 c5 4. Bg2 Nc6 5. e4 e6 6. Nge2 d6 7. d3 Nge7 8. 0-0 0-0 9. Be3 Nd4 10. f4 Rb8 11. Qd2 a6 12. Rae1 b6 13. b3 Bb7 14. Kh1 Qd7 15. Rf2 f5 16. Ng1 Rbe8 17. Nf3 Nec6 18. h4 b5 19. cxb5 axb5 20. Bxd4 Nxd4 21. e5 Bxf3 22. Bxf3 dxe5 23. fxe5 f4 24. gxf4 Qe7 25. Kg2 Qxh4 26. Bd1 Rd8 27. Rh1 Qe7 28. Ne4 Nf5 29. Qc3 Rd5 30. Rh3 b4 31. Qd2 Rfd8 32. Bg4 Rd4 33. Bxf5 exf5 34. Nd6 Qe6 35. Qe3 Bf8 36. Nc4 Qd5+ 37. Rff3 Qa8 38. Qe2 Rxf4 39. Kf2 Rxf3+ 40. Rxf3 Qd5 41. e6 Bg7 0-1

[Event "ROM-ch"]
[Site "Olanesti"]
[Date "2019.03.10"]
[Round "9"]
[White "Toma, Mihail"]
[Black "Horvat, Dan Sebastian"]
[Result "1/2-1/2"]
[WhiteElo "1797"]
[BlackElo "2156"]
[PlyCount "103"]
[EventDate "2019.03.02"]
[EventType "swiss"]
[EventRounds "9"]
[EventCountry "ROU"]
[SourceTitle "CBM 189 Extra"]
[Source "ChessBase"]
[SourceDate "2019.05.31"]
[SourceVersion "1"]
[SourceVersionDate "2019.05.31"]
[SourceQuality "1"]

1. d4 d5 2. Nf3 Nf6 3. Bg5 Ne4 4. Bf4 c5 5. c3 e6 6. e3 Bd6 7. Bxd6 Qxd6 8. Nbd2 Nxd2 9. Qxd2 Nd7 10. Bd3 0-0 11. 0-0 b6 12. a4 a5 13. Qe2 e5 14. dxe5 Nxe5 15. Nxe5 Qxe5 16. Qf3 Be6 17. Rfe1 f5 18. Qf4 Qf6 19. h4 g6 20. g3 Rad8 21. Bb5 Bf7 22. Rad1 Rd6 23. Rd2 Rfd8 24. Red1 Kg7 25. Kf1 h6 26. Bd3 Be6 27. Bc2 g5 28. hxg5 hxg5 29. Qf3 d4 30. exd4 cxd4 31. Rxd4 Rxd4 32. Rxd4 Rxd4 33. cxd4 Qxd4 34. Qc3 Qxc3 35. bxc3 Bc4+ 36. Ke1 Kf6 37. Kd2 Ke5 38. Ke3 f4+ 39. gxf4+ gxf4+ 40. Kf3 Bd5+ 41. Ke2 Kd6 42. Kd2 Bc4 43. Bd1 Kc5 44. Kc2 Bf1 45. Bh5 Bg2 46. Bd1 Be4+ 47. Kb2 Bc6 48. Bb3 b5 49. axb5 Bxb5 50. Bd1 Bc6 51. Be2 f3 52. Bxf3 1/2-1/2

[Event "ROM-ch"]
[Site "Olanesti"]
[Date "2019.03.06"]
[Round "5"]
[White "Horvat, Dan Sebastian"]
[Black "Apahidean, Ioan"]
[Result "1/2-1/2"]
[WhiteElo "2156"]
[BlackElo "1887"]
[PlyCount "20"]
[EventDate "2019.03.02"]
[EventType "swiss"]
[EventRounds "9"]
[EventCountry "ROU"]
[SourceTitle "CBM 189 Extra"]
[Source "ChessBase"]
[SourceDate "2019.05.31"]
[SourceVersion "1"]
[SourceVersionDate "2019.05.31"]
[SourceQuality "1"]

1. c4 d6 2. Nc3 Nf6 3. g3 c6 4. Bg2 Qc7 5. d4 e5 6. e3 Be7 7. Nge2 Nbd7 8. b3 0-0 9. 0-0 Re8 10. Bb2 Nf8 1/2-1/2

[Event "ROM-ch"]
[Site "Olanesti"]
[Date "2019.03.04"]
[Round "3"]
[White "Horvat, Dan Sebastian"]
[Black "Manea, Alexandru"]
[Result "0-1"]
[WhiteElo "2156"]
[BlackElo "2357"]
[PlyCount "118"]
[EventDate "2019.03.02"]
[EventType "swiss"]
[EventRounds "9"]
[EventCountry "ROU"]
[SourceTitle "CBM 189 Extra"]
[Source "ChessBase"]
[SourceDate "2019.05.31"]
[SourceVersion "1"]
[SourceVersionDate "2019.05.31"]
[SourceQuality "1"]

1. c4 e5 2. Nc3 Nc6 3. g3 f5 4. Bg2 Nf6 5. e3 g6 6. d4 e4 7. f3 exf3 8. Nxf3 Bg7 9. 0-0 d6 10. d5 Ne5 11. Nxe5 dxe5 12. Qa4+ Qd7 13. c5 Qxa4 14. Nxa4 e4 15. Rd1 Bd7 16. Nc3 0-0-0 17. a4 Be8 18. a5 a6 19. Bf1 Bf7 20. d6 cxd6 21. cxd6 Ne8 22. d7+ Rxd7 23. Rxd7 Kxd7 24. Na4 Nd6 25. Bd2 Rd8 26. Bb4 Ke8 27. Rc1 Rc8 28. Rxc8+ Nxc8 29. Bc3 Bxc3 30. Nxc3 Nd6 31. Be2 Bb3 32. Kf2 Ke7 33. h4 Kf6 34. Nb1 Bc2 35. Nc3 Bd3 36. Bd1 Nc4 37. b4 Ne5 38. Na4 Bb5 39. Nc5 Nc6 40. Nxb7 Nxb4 41. Nc5 Ke5 42. Bb3 Nc6 43. Nb7 h6 44. Bf7 g5 45. hxg5 hxg5 46. Be8 Nb4 47. Bxb5 axb5 48. Nc5 Nc6 49. a6 Kd6 50. Nb3 Kc7 51. g4 fxg4 52. Nc5 Kb6 53. Nxe4 b4 54. Kg3 Ne5 55. Nxg5 b3 56. Ne4 b2 57. Nc3 Kxa6 58. Nb1 Ka5 59. Kf4 Kb4 0-1

[Event "ROM-ch"]
[Site "Olanesti"]
[Date "2019.03.03"]
[Round "2"]
[White "Ileana, George"]
[Black "Horvat, Dan Sebastian"]
[Result "1-0"]
[WhiteElo "2325"]
[BlackElo "2156"]
[PlyCount "61"]
[EventDate "2019.03.02"]
[EventType "swiss"]
[EventRounds "9"]
[EventCountry "ROU"]
[SourceTitle "CBM 189 Extra"]
[Source "ChessBase"]
[SourceDate "2019.05.31"]
[SourceVersion "1"]
[SourceVersionDate "2019.05.31"]
[SourceQuality "1"]

1. e4 d6 2. d4 Nf6 3. Nc3 e5 4. Nf3 Nbd7 5. Bc4 Be7 6. 0-0 0-0 7. a4 a6 8. Re1 b6 9. Bg5 c6 10. d5 c5 11. Qd3 Ne8 12. Bd2 g6 13. Bh6 Ng7 14. Qd2 f5 15. Ng5 Nf6 16. Ne6 Bxe6 17. dxe6 Ng4 18. Bg5 fxe4 19. Nxe4 Kh8 20. Bxe7 Qxe7 21. f3 Nf6 22. Qxd6 Nf5 23. Qxe7 Nxe7 24. Nxf6 Rxf6 25. Rad1 b5 26. axb5 axb5 27. Bxb5 Rxe6 28. Bd7 Rea6 29. Rxe5 Ra1 30. Rxa1 Rxa1+ 31. Kf2 1-0

[Event "ROM-chT2"]
[Site "Gilau"]
[Date "2018.10.08"]
[Round "2.4"]
[White "Horvat, Dan Sebastian"]
[Black "Vajda, Albert"]
[Result "1-0"]
[WhiteElo "2151"]
[BlackElo "2398"]
[PlyCount "74"]
[EventDate "2018.10.07"]
[EventType "team-swiss"]
[EventRounds "9"]
[EventCountry "ROU"]
[SourceTitle "CBM 187 Extra"]
[Source "ChessBase"]
[SourceDate "2018.11.04"]
[SourceVersion "1"]
[SourceVersionDate "2018.11.04"]
[SourceQuality "1"]
[WhiteTeam "Cluj Napoca"]
[BlackTeam "Oltenia Pro Logos"]
[WhiteTeamCountry "ROU"]
[BlackTeamCountry "ROU"]

1. c4 Nf6 2. Nc3 e5 3. g3 Bb4 4. Bg2 0-0 5. e4 c6 6. Nge2 Na6 7. 0-0 Nc7 8. a3 Be7 9. d4 d6 10. h3 Nd7 11. Be3 Bf6 12. f4 Qe7 13. c5 exd4 14. cxd6 Qxd6 15. e5 Qe6 16. Nxd4 Qe8 17. Ne4 Be7 18. Nf5 Nd5 19. Bd4 N7b6 20. Nxe7+ Nxe7 21. Nd6 Qd7 22. f5 Ned5 23. f6 g6 24. Qd2 Kh8 25. Qh6 Rg8 26. h4 Nc7 27. Bxb6 axb6 28. Rad1 Ne6 29. Bh3 Qc7 30. Rde1 Ra5 31. Kh2 Rd5 32. Rf2 c5 33. Bxe6 Bxe6 34. Ne4 Rxe5 35. Ng5 Rxg5 36. hxg5 Qd6 37. Re4 Qd8 1-0

[Event "Arad op 10th"]
[Site "Arad"]
[Date "2017.08.09"]
[Round "5"]
[White "Itkis, Boris"]
[Black "Horvat, Dan Sebastian"]
[Result "1/2-1/2"]
[WhiteElo "2357"]
[BlackElo "2170"]
[PlyCount "112"]
[EventDate "2017.08.06"]
[EventType "swiss"]
[EventRounds "9"]
[EventCountry "ROU"]
[SourceTitle "CBM 179 Extra"]
[Source "ChessBase"]
[SourceDate "2017.08.23"]
[SourceVersion "1"]
[SourceVersionDate "2017.08.23"]
[SourceQuality "1"]

1. d4 d5 2. c4 c6 3. cxd5 cxd5 4. Nc3 Nf6 5. Bf4 Nc6 6. e3 a6 7. Bd3 e6 8. Nf3 Bd6 9. Bg3 Bxg3 10. hxg3 Qd6 11. Rc1 Nd7 12. g4 e5 13. dxe5 Ndxe5 14. Nxe5 Qxe5 15. Rh5 g5 16. Kf1 h6 17. f4 Qxe3 18. Nxd5 Qd4 19. Be2 Kf8 20. fxg5 Qxd1+ 21. Rxd1 Kg7 22. Nc7 Rb8 23. gxh6+ Rxh6 24. Ne8+ Kh7 25. Bd3+ f5 26. Nf6+ Kg7 27. Rxh6 Kxh6 28. Bxf5 Bxf5 29. gxf5 Kg5 30. Nd7 Rd8 31. f6 Ne5 32. Rd5 Rxd7 33. Rxe5+ Kxf6 34. Re2 Kg5 35. Kf2 Kg4 36. Re4+ Kf5 37. Ke3 Rd1 38. Rb4 b5 39. a4 bxa4 40. Rxa4 Rd6 41. b4 Ke5 42. Ra5+ Kf6 43. Ke4 Rb6 44. Ra4 Rd6 45. g4 Kg5 46. Ke5 Rb6 47. Kd5 Rb5+ 48. Kc4 Rb6 49. Kd3 Rb5 50. Kc3 Rb6 51. Ra5+ Kxg4 52. Re5 Kf4 53. Re8 Kf5 54. Kc4 Kf6 55. Re4 Kf5 56. Re1 Kf4 1/2-1/2

[Event "Arad op 10th"]
[Site "Arad"]
[Date "2017.08.07"]
[Round "2"]
[White "Horvat, Dan Sebastian"]
[Black "Miron, Lucian Costin"]
[Result "0-1"]
[WhiteElo "2170"]
[BlackElo "2495"]
[PlyCount "86"]
[EventDate "2017.08.06"]
[EventType "swiss"]
[EventRounds "9"]
[EventCountry "ROU"]
[SourceTitle "CBM 179 Extra"]
[Source "ChessBase"]
[SourceDate "2017.08.23"]
[SourceVersion "1"]
[SourceVersionDate "2017.08.23"]
[SourceQuality "1"]

1. e4 e5 2. Nf3 Nc6 3. Bc4 Bc5 4. c3 Nf6 5. d4 exd4 6. cxd4 Bb4+ 7. Bd2 Nxe4 8. Bxb4 Nxb4 9. Bxf7+ Kxf7 10. Qb3+ Kf8 11. Qxb4+ Qe7 12. Qxe7+ Kxe7 13. Nbd2 Nf6 14. Rc1 Kd8 15. Ne5 Rf8 16. 0-0 d6 17. Nec4 Be6 18. a3 Kd7 19. Ne3 a5 20. b3 Nd5 21. g3 g5 22. Rc2 Rae8 23. Rfc1 c6 24. Nxd5 Bxd5 25. Nc4 Re4 26. Nxa5 Rxd4 27. Nc4 Kc7 28. Re1 Re8 29. Ne3 Bxb3 30. Rce2 Re5 31. Ng2 Rxe2 32. Rxe2 Rd1+ 33. Ne1 g4 34. h3 h5 35. Re3 Bd5 36. hxg4 hxg4 37. Kf1 b5 38. Ke2 Ra1 39. Rc3 c5 40. f3 Ra2+ 41. Ke3 gxf3 42. Nxf3 Rg2 43. Kf4 Rf2 0-1

[Event "ROM-chT2"]
[Site "Calimanesti"]
[Date "2014.11.12"]
[Round "5.4"]
[White "Horvat, Dan Sebastian"]
[Black "Tomescu, Vlad"]
[Result "1/2-1/2"]
[WhiteElo "2206"]
[BlackElo "2356"]
[PlyCount "28"]
[EventDate "2014.11.08"]
[EventType "team-tourn"]
[EventRounds "9"]
[EventCountry "ROU"]
[SourceTitle "CBM 163 Extra"]
[Source "ChessBase"]
[SourceDate "2014.12.23"]
[SourceVersion "1"]
[SourceVersionDate "2014.12.23"]
[SourceQuality "1"]
[WhiteTeam "Cluj Napoca"]
[BlackTeam "Satu Mare Apollo"]
[WhiteTeamCountry "ROU"]
[BlackTeamCountry "ROU"]

1. e4 c5 2. Nf3 d6 3. d4 cxd4 4. Nxd4 Nf6 5. Nc3 Nc6 6. Bg5 e6 7. Qd2 a6 8. 0-0-0 h6 9. Be3 Be7 10. f3 Nxd4 11. Bxd4 e5 12. Be3 Be6 13. Kb1 Rc8 14. Be2 Qa5 1/2-1/2

[Event "ROM-chT2"]
[Site "Calimanesti"]
[Date "2014.11.11"]
[Round "4.4"]
[White "Pit Rada, Mihail Cosmin"]
[Black "Horvat, Dan Sebastian"]
[Result "1/2-1/2"]
[WhiteElo "2159"]
[BlackElo "2206"]
[PlyCount "116"]
[EventDate "2014.11.08"]
[EventType "team-tourn"]
[EventRounds "9"]
[EventCountry "ROU"]
[SourceTitle "CBM 163 Extra"]
[Source "ChessBase"]
[SourceDate "2014.12.23"]
[SourceVersion "1"]
[SourceVersionDate "2014.12.23"]
[SourceQuality "1"]
[WhiteTeam "Targoviste University"]
[BlackTeam "Cluj Napoca"]
[WhiteTeamCountry "ROU"]
[BlackTeamCountry "ROU"]

1. e4 d6 2. d4 Nf6 3. Nc3 e5 4. Nf3 Nbd7 5. g4 Nxg4 6. Rg1 Ngf6 7. Be3 c6 8. Qd2 Qc7 9. 0-0-0 h6 10. Be2 b5 11. dxe5 dxe5 12. Bxb5 cxb5 13. Nxb5 Qc4 14. Qa5 Bb4 15. Nxe5 Qxe4 16. Nc7+ Kf8 17. Rxd7 Nxd7 18. Nxd7+ Bxd7 19. Bc5+ Bxc5 20. Qxc5+ Kg8 21. Nxa8 Kh7 22. Qc3 Qf4+ 23. Kb1 f6 24. Nc7 Rc8 25. Qd3+ Bf5 26. Ne6 Qxf2 27. Rf1 Qxc2+ 28. Qxc2 Bxc2+ 29. Ka1 Bf5 30. Nd4 Bg4 31. a3 Rd8 32. Nc6 Rd6 33. Nxa7 Ra6 34. Nb5 Be2 35. Rf5 Kg6 36. Rd5 Ra5 37. Nc3 Rxd5 38. Nxd5 Kf5 39. b4 Ke5 40. Nc3 Bc4 41. Kb2 f5 42. a4 g5 43. a5 Kd4 44. b5 Kc5 45. a6 Kb6 46. Ka3 f4 47. Kb4 Bxb5 48. Nxb5 h5 49. a7 Kb7 50. Kc4 g4 51. Nd6+ Kxa7 52. Nf5 Kb6 53. Kd4 Kc6 54. Ke4 g3 55. Nxg3 fxg3 56. hxg3 Kd6 57. Kf5 h4 58. gxh4 Ke7 1/2-1/2

[Event "ROM-chT2"]
[Site "Calimanesti"]
[Date "2014.11.08"]
[Round "1.2"]
[White "Horvat, Dan Sebastian"]
[Black "Thesing, Matthias"]
[Result "1/2-1/2"]
[WhiteElo "2206"]
[BlackElo "2310"]
[PlyCount "104"]
[EventDate "2014.11.08"]
[EventType "team-tourn"]
[EventRounds "9"]
[EventCountry "ROU"]
[SourceTitle "CBM 163 Extra"]
[Source "ChessBase"]
[SourceDate "2014.12.23"]
[SourceVersion "1"]
[SourceVersionDate "2014.12.23"]
[SourceQuality "1"]
[WhiteTeam "Cluj Napoca"]
[BlackTeam "Resita Muncitorul"]
[WhiteTeamCountry "ROU"]
[BlackTeamCountry "ROU"]

1. e4 c5 2. Nf3 e6 3. d4 cxd4 4. Nxd4 a6 5. Nc3 Qc7 6. Bd3 Bc5 7. Nb3 Be7 8. Qg4 Bf6 9. Bd2 Nc6 10. f4 d6 11. 0-0-0 Nb4 12. Kb1 Nxd3 13. cxd3 Bd7 14. Rc1 Qd8 15. Rhe1 e5 16. f5 Ne7 17. Bg5 h5 18. Qg3 h4 19. Qg4 Bxg5 20. Qxg5 Rh7 21. d4 f6 22. Qe3 Qb6 23. Rcd1 Rd8 24. Rd3 Bb5 25. Nxb5 axb5 26. dxe5 Qxe3 27. Rexe3 fxe5 28. Na5 Rd7 29. Rc3 Rh5 30. Rc2 Rg5 31. h3 Nc6 32. Nxc6 bxc6 33. Rxc6 Rxg2 34. Rc2 Rg1+ 35. Rc1 Rxc1+ 36. Kxc1 Ra7 37. a3 Kd7 38. Kd2 Ra4 39. Ke2 b4 40. Kf3 d5 41. Kg4 bxa3 42. bxa3 d4 43. Rf3 Rc4 44. Kxh4 Ke7 45. Kg3 Kf6 46. Kf2 Rc2+ 47. Ke1 Kg5 48. Kd1 Rg2 49. Ke1 Ra2 50. Kd1 Rg2 51. Ke1 Rc2 52. Kd1 Rg2 1/2-1/2

[Event "ROM-chT"]
[Site "Mamaia"]
[Date "2013.09.03"]
[Round "4.6"]
[White "Horvat, Dan Sebastian"]
[Black "Hajbok, Robert"]
[Result "0-1"]
[WhiteElo "2209"]
[BlackElo "2345"]
[PlyCount "150"]
[EventDate "2013.08.31"]
[EventType "team-tourn"]
[EventRounds "9"]
[EventCountry "ROU"]
[SourceTitle "CBM 156 Extra"]
[Source "ChessBase"]
[SourceDate "2013.10.22"]
[SourceVersion "1"]
[SourceVersionDate "2013.10.22"]
[SourceQuality "1"]
[WhiteTeam "Bucharest Nova"]
[BlackTeam "Baia Mare"]
[WhiteTeamCountry "ROU"]
[BlackTeamCountry "ROU"]

1. e4 c5 2. Nf3 d6 3. d4 cxd4 4. Nxd4 Nf6 5. f3 Nc6 6. c4 g6 7. Nc3 Bg7 8. Be3 0-0 9. Qd2 Nxd4 10. Bxd4 a5 11. b3 Bd7 12. Be2 Bc6 13. 0-0 Nd7 14. Be3 Nc5 15. Rab1 Qb6 16. Rfc1 Rfc8 17. Rc2 Qd8 18. Bf1 h5 19. a3 Kh7 20. Ne2 Qh8 21. Nf4 Rd8 22. g3 e6 23. b4 axb4 24. axb4 Na4 25. Rb3 Be5 26. b5 Be8 27. Ne2 Nc5 28. Rb1 Bf6 29. Bg2 Ra3 30. Bg5 Rd3 31. Qc1 Ra8 32. Bxf6 Qxf6 33. Rc3 Rxc3 34. Qxc3 Qxc3 35. Nxc3 Ra3 36. Nd1 Kg7 37. f4 Kf6 38. Nf2 Ke7 39. Rd1 f6 40. Re1 e5 41. f5 g5 42. Rc1 Bf7 43. Bf1 Kd7 44. Rc2 Kc7 45. Kg2 Ra1 46. Be2 Ra3 47. h3 Kd7 48. Bf3 b6 49. Be2 Ra4 50. Rc3 Ra2 51. Kf3 Ke7 52. Bd3 h4 53. gxh4 gxh4 54. Bc2 Bh5+ 55. Ke3 Ra1 56. Nd3 Rh1 57. Ra3 Rxh3+ 58. Kd2 Rh2+ 59. Kc1 Nxd3+ 60. Bxd3 Be8 61. Ra7+ Bd7 62. c5 dxc5 63. Bc4 Kd6 64. Rb7 h3 65. Be6 Be8 66. Rb8 Rh1+ 67. Kd2 h2 68. Rxe8 Rd1+ 69. Kc2 h1Q 70. Rd8+ Ke7 71. Rxd1 Qxe4+ 72. Kc1 Qe3+ 73. Rd2 Qa3+ 74. Kd1 Qa4+ 75. Kc1 Qxb5 0-1

[Event "Arad op"]
[Site "Arad"]
[Date "2013.08.08"]
[Round "8"]
[White "Horvat, Dan Sebastian"]
[Black "Cvetkovic, Srdjan"]
[Result "0-1"]
[WhiteElo "2209"]
[BlackElo "2352"]
[PlyCount "80"]
[EventDate "2013.08.03"]
[EventType "swiss"]
[EventRounds "9"]
[EventCountry "ROU"]
[SourceTitle "CBM 155 Extra"]
[Source "ChessBase"]
[SourceDate "2013.08.26"]
[SourceVersion "1"]
[SourceVersionDate "2013.08.26"]
[SourceQuality "1"]

1. e4 c5 2. Nf3 e6 3. d4 cxd4 4. Nxd4 Nc6 5. Nc3 a6 6. Nxc6 bxc6 7. Bd3 d5 8. Qe2 Nf6 9. 0-0 Be7 10. b3 Bb7 11. Bf4 0-0 12. Rad1 g6 13. Na4 Re8 14. c4 d4 15. c5 Nh5 16. Bd2 e5 17. g3 Ra7 18. b4 Bc8 19. Nb6 Bh3 20. Rfe1 a5 21. a4 axb4 22. Bxb4 Ng7 23. a5 Ne6 24. Na4 h5 25. Rb1 Kg7 26. Rec1 h4 27. Bd2 hxg3 28. fxg3 Rxa5 29. Bxa5 Qxa5 30. Ra1 Qd8 31. Rc2 Bg5 32. Kh1 Be3 33. Nb6 Nxc5 34. Rxc5 Qxb6 35. Rca5 Qd8 36. Qf3 Be6 37. h4 Qf6 38. Kg2 Bh3+ 39. Kxh3 Qxf3 40. Rf1 Bf2 0-1

[Event "Arad op"]
[Site "Arad"]
[Date "2013.08.06"]
[Round "6"]
[White "Horvat, Dan Sebastian"]
[Black "Dobre, Claudiu Cristian"]
[Result "1/2-1/2"]
[WhiteElo "2209"]
[BlackElo "2331"]
[PlyCount "104"]
[EventDate "2013.08.03"]
[EventType "swiss"]
[EventRounds "9"]
[EventCountry "ROU"]
[SourceTitle "CBM 155 Extra"]
[Source "ChessBase"]
[SourceDate "2013.08.26"]
[SourceVersion "1"]
[SourceVersionDate "2013.08.26"]
[SourceQuality "1"]

1. e4 c6 2. Nc3 d5 3. Nf3 Bg4 4. h3 Bxf3 5. Qxf3 e6 6. d3 Bb4 7. Bd2 d4 8. Nb1 Qb6 9. Qg3 Nf6 10. b3 0-0 11. Qf4 c5 12. a3 Qa5 13. Be2 Nc6 14. 0-0 e5 15. Bxb4 cxb4 16. Qc1 Qc5 17. a4 a6 18. Nd2 Ne8 19. f4 exf4 20. Rxf4 Nd6 21. Kh1 Ne5 22. Nc4 b5 23. Nxd6 Qxd6 24. Qd2 Rac8 25. axb5 axb5 26. Rff1 Ra8 27. Rxa8 Rxa8 28. Bd1 Ra1 29. Kg1 Qc5 30. Qf2 Ra6 31. Qh4 f6 32. Qh5 g6 33. Qh4 Kg7 34. Qf2 h5 35. Qf4 Qd6 36. Qf2 Ra1 37. Qd2 Nc6 38. Qf2 Qe5 39. Qh4 Nd8 40. Qe1 Nc6 41. Qh4 Rb1 42. Qf2 Qd6 43. Kh1 Ne5 44. Kg1 Ra1 45. Qh4 Nd7 46. Qf2 Ne5 47. Qh4 Nf7 48. Qf2 Ng5 49. Kh1 Nf7 50. Kg1 Ng5 51. Kh1 Nf7 52. Kg1 Ng5 1/2-1/2

[Event "ROM-chT"]
[Site "Mamaia"]
[Date "2012.09.27"]
[Round "6.6"]
[White "Stanciu, Alexandru Ovidiu"]
[Black "Horvat, Dan Sebastian"]
[Result "0-1"]
[WhiteElo "2348"]
[BlackElo "2230"]
[PlyCount "116"]
[EventDate "2012.09.22"]
[EventType "tourn"]
[EventRounds "9"]
[EventCountry "ROU"]
[SourceTitle "CBM 150 Extra"]
[Source "ChessBase"]
[SourceDate "2012.10.19"]
[SourceVersion "1"]
[SourceVersionDate "2012.10.19"]
[SourceQuality "1"]
[WhiteTeam "Timisoara Medicina"]
[BlackTeam "Bucharest Sah Apa"]
[WhiteTeamCountry "ROU"]
[BlackTeamCountry "ROU"]

1. e4 e5 2. Nf3 Nc6 3. d4 exd4 4. Nxd4 d6 5. Be3 Nf6 6. f3 Be7 7. c4 0-0 8. Nc3 Nxd4 9. Qxd4 Be6 10. 0-0-0 Nd7 11. f4 Bf6 12. Qd2 Bxc3 13. Qxc3 f6 14. Be2 Qe7 15. Bf3 Rab8 16. Kb1 a6 17. Rd2 Rfe8 18. Ba7 Rbd8 19. Bf2 b6 20. Re1 Bf7 21. h4 Qe6 22. b3 a5 23. g4 a4 24. Bd1 axb3 25. axb3 Rb8 26. g5 b5 27. f5 Qe7 28. gxf6 Qxf6 29. Bd4 Ne5 30. c5 b4 31. Qg3 dxc5 32. Bxc5 Nc6 33. Rb2 Qc3 34. Bf2 Rbd8 35. Qxc3 bxc3 36. Ra2 Nb4 37. Ra7 Rxd1+ 38. Rxd1 c2+ 39. Kc1 cxd1Q+ 40. Kxd1 c6 41. Bc5 Nd3 42. Be7 Nf2+ 43. Kc2 Nxe4 44. b4 Nf6 45. Kd3 Nd5 46. Bc5 h6 47. Ra6 Nf4+ 48. Kd4 Bd5 49. Bd6 Re4+ 50. Kc5 Nd3+ 51. Kb6 Kf7 52. Ra8 Re8 53. Ra3 Be4 54. Ra1 Kf6 55. Rg1 Ne5 56. Kc7 Bxf5 57. Re1 Re6 58. Bf8 Ng6 0-1

[Event "ROM-chT"]
[Site "Mamaia"]
[Date "2012.09.25"]
[Round "4.6"]
[White "Bida, Mihai Eugen"]
[Black "Horvat, Dan Sebastian"]
[Result "1/2-1/2"]
[WhiteElo "2195"]
[BlackElo "2230"]
[PlyCount "29"]
[EventDate "2012.09.22"]
[EventType "tourn"]
[EventRounds "9"]
[EventCountry "ROU"]
[SourceTitle "CBM 150 Extra"]
[Source "ChessBase"]
[SourceDate "2012.10.19"]
[SourceVersion "1"]
[SourceVersionDate "2012.10.19"]
[SourceQuality "1"]
[WhiteTeam "Lugoj CSM"]
[BlackTeam "Bucharest Sah Apa"]
[WhiteTeamCountry "ROU"]
[BlackTeamCountry "ROU"]

1. e4 e5 2. Nf3 Nc6 3. Nc3 Nf6 4. d4 exd4 5. Nxd4 d6 6. Bb5 Bd7 7. 0-0 Be7 8. Re1 0-0 9. Bxc6 bxc6 10. Qf3 Re8 11. Nf5 Bxf5 12. Qxf5 Qd7 13. Qf3 Qe6 14. Bf4 Nd7 15. Re2 1/2-1/2

[Event "ROM-chT"]
[Site "Mamaia"]
[Date "2012.09.24"]
[Round "3.6"]
[White "Horvat, Dan Sebastian"]
[Black "Stegariu, Vlad Ionut"]
[Result "0-1"]
[WhiteElo "2230"]
[BlackElo "2217"]
[PlyCount "98"]
[EventDate "2012.09.22"]
[EventType "tourn"]
[EventRounds "9"]
[EventCountry "ROU"]
[SourceTitle "CBM 150 Extra"]
[Source "ChessBase"]
[SourceDate "2012.10.19"]
[SourceVersion "1"]
[SourceVersionDate "2012.10.19"]
[SourceQuality "1"]
[WhiteTeam "Bucharest Sah Apa"]
[BlackTeam "Iasi Politehnica"]
[WhiteTeamCountry "ROU"]
[BlackTeamCountry "ROU"]

1. e4 e5 2. Nf3 Nc6 3. Bb5 a6 4. Ba4 Nf6 5. 0-0 Be7 6. Re1 b5 7. Bb3 0-0 8. h3 d6 9. c3 Bb7 10. d4 Nb8 11. Nbd2 Nbd7 12. a4 Re8 13. Bc2 Bf8 14. Bd3 c6 15. b3 Qc7 16. Bb2 g6 17. Qc2 Bg7 18. c4 bxc4 19. Nxc4 exd4 20. Bxd4 c5 21. Nxd6 Qxd6 22. e5 Qc6 23. exf6 Bxf6 24. Bxf6 Qxf6 25. Nd2 Qd4 26. Be4 Rab8 27. Rad1 Nf6 28. Bxb7 Rxe1+ 29. Rxe1 Rxb7 30. Re3 Rd7 31. Nf3 Qd1+ 32. Qxd1 Rxd1+ 33. Kh2 Nd5 34. Re8+ Kg7 35. Ne5 Re1 36. f4 Nxf4 37. Re7 Kf6 38. Rxf7+ Kxe5 39. Re7+ Ne6 40. Rxh7 Rb1 41. Ra7 Rxb3 42. Rxa6 c4 43. Rc6 Kd5 44. Rc8 c3 45. a5 Nc5 46. Rd8+ Kc4 47. Rd1 c2 48. Rc1 Kc3 49. Kg3 Kd2+ 0-1